000 00444nam a2200145 a 4500
001 000026926
005 20200930030508.0
008 110328s1958 dr 000 0 spa d
040 _aDO-SdBNP
_bspa
_cBNPHU
100 1 _aHolguín Bonó, Fermín
_954027
245 1 0 _aCanto a la bandera. /
_cFermín Holguín Bonó.
260 _aCiudad Trujillo, República Dominicana,
_fImpresora Dominicana
_c1958.
300 _a55 p. ;
_c23 cm.
049 _aBNPD
999 _c26418
_d26418